00916 2200277 4500001002100000005001500021035002000036007000300056008004100059020001800100082000800118084001400126100001800140245007300158250001000231260004000241300004300281650002000324520021000344990001400554990001400568990001400582990001400596990001400610990001400624INLIS00000000001052520250918101121 a0010-0925000123ta250918 e 0 ind  a9786029473919 a369 a369 NUR b0 aFirman Sujadi1 aBuku Panduan Pramuka Edisi Senior :bsuplemen 1 /cNursanti Riandini aCet 1 aJakarta :bBee Media Pustaka,c2018 aviii + 292 Hlm :bilus ;c14,5 x 21 cm 4aGerakan Pramuka aBuku ini berisi berbagai pengetahuan kepramukaan yang dibutuhkan oleh para pembina/pembantu pembina, tenaga pendidik, dan anggota dewasa pramuka sebagai bahan referensi dalam mendidik anggota muda Pramuka. a025.00880 a025.00881 a025.00882 a025.00883 a025.00884 a025.00885